Malé národy Velkého Německa
Právny a politický rámec ochrany tradičných menšín na území Spolkovej republiky Nemecka. Šlesvicko-holštýnský model ochrany dánskej a írskej menšiny. Lužickí Srbi v zjednotenom Nemecku.
Enregistré dans:
| Auteur principal: | |
|---|---|
| Format: | Chapitre de livre |
| Langue: | tchèque |
| Sujets: | |
| Tags: |
Pas de tags, Soyez le premier à ajouter un tag!
|
MARC
| LEADER | 00000naa a2200000 4500 | ||
|---|---|---|---|
| 001 | r043513 | ||
| 005 | 20230927121311.6 | ||
| 041 | 0 | |a cze | |
| 044 | |a CZ | ||
| 245 | 1 | 0 | |a Malé národy Velkého Německa |c Kateřina Jurigová |
| 520 | |a Právny a politický rámec ochrany tradičných menšín na území Spolkovej republiky Nemecka. Šlesvicko-holštýnský model ochrany dánskej a írskej menšiny. Lužickí Srbi v zjednotenom Nemecku. | ||
| 610 | 2 | 0 | |a menšiny národnostné |
| 610 | 2 | 0 | |a Nemecko |
| 610 | 2 | 0 | |a ochrana právna |
| 610 | 2 | 0 | |a ochrana práv občanov |
| 610 | 2 | 0 | |a politika |
| 610 | 2 | 0 | |a ústava |
| 100 | 1 | |a Jurigová, Kateřina | |